[Event "ch-ARG s/f"]
[Site "Buenos Aires ARG"]
[Date "2006.03.27"]
[Round "8"]
[White "Toniutti,E"]
[Black "Obregon,A"]
[Result "0-1"]
[WhiteElo "2063"]
[BlackElo "2313"]

1.d4 Nf6 2.c4 g6 3.Nc3 Bg7 4.e4 d6 5.Nf3 O-O 6.Be2 e5 7.O-O Nc6 8.d5 Ne7
9.b4 Nh5 10.Re1 f5 11.Ng5 Nf4 12.Bxf4 exf4 13.Rc1 h6 14.Ne6 Bxe6 15.dxe6 Bxc3
16.Rxc3 fxe4 17.Bf1 Rf5 18.Rxe4 Qf8 19.Qd2 Qf6 20.g4 fxg3 21.hxg3 a5 22.Rc2 axb4
23.Qxh6 Ra3 24.g4 Qg5 25.Qxg5 Rxg5 26.Rb2 b6 27.Rxb4 Rxa2 28.Rb5 Ra5 29.Be2 Re5
30.Rexe5 dxe5 31.Kg2 g5 32.Kf3 Kg7 33.Rxa5 bxa5 34.c5 Kf6 35.Bc4 Nc6 36.Ke4 a4
37.Bb5 a3 38.Bc4 Nb4 39.e7 Kxe7 40.Kxe5 a2 41.Bxa2 Nxa2 42.Kf5 Nc3 43.f3 Ne2
44.Kxg5 Nd4 45.f4 Ne6+ 46.Kf5 Nxc5  0-1

[Event "Classics GMB"]
[Site "Gausdal NOR"]
[Date "2006.04.01"]
[Round "9"]
[White "Hole,O"]
[Black "Bentsen,O"]
[Result "1/2-1/2"]
[WhiteElo "2346"]
[BlackElo "2211"]

1.Nf3 g6 2.c4 Bg7 3.Nc3 Nf6 4.e4 d6 5.d4 O-O 6.Be2 e5 7.O-O Nc6 8.d5 Ne7
9.b4 a5 10.Ba3 axb4 11.Bxb4 Nd7 12.Nd2 f5 13.a4 Nf6 14.c5 fxe4 15.cxd6 cxd6
16.Ndxe4 Nf5 17.a5 Nxe4 18.Nxe4 Rf7 19.Bd2 Bh6 20.Bxh6 Nxh6 21.Qd2 Nf5 22.Bg4 Nd4
23.Bxc8 Rxc8 24.Rab1 Rf4 25.Qd3 Qxa5 26.Nxd6 Rc3 27.Nxb7  1/2-1/2

[Event "FSIM April"]
[Site "Budapest HUN"]
[Date "2006.04.04"]
[Round "4"]
[White "Duong The Anh"]
[Black "Solomons,D"]
[Result "0-1"]
[WhiteElo "2287"]
[BlackElo "2226"]

1.d4 Nf6 2.Nf3 g6 3.c4 Bg7 4.Nc3 O-O 5.e4 d6 6.Be2 e5 7.O-O Nc6 8.d5 Ne7
9.b4 Nd7 10.Nd2 a5 11.bxa5 Rxa5 12.Nb3 Ra8 13.a4 b6 14.a5 Ba6 15.Bg5 f6 16.Bd2 f5
17.axb6 cxb6 18.Rxa6 Rxa6 19.c5 Ra8 20.cxd6 Nc8 21.Nb5 Qh4 22.Nc7 Ra7 23.exf5 Nxd6
24.Ne6 Rc8 25.fxg6 hxg6 26.Bd3 Nf5 27.Re1 Nf6 28.Bg5 Qb4 29.Rxe5 Qd6 30.f4 Nd7
31.Bxf5 Nxe5 32.fxe5 Qxe5 33.Nxg7 gxf5 34.Nh5 Rf8 35.Bf4 Qe4 36.Qd2 Ra2 37.Ng3 Rxd2
38.Nxe4 Rd1+ 39.Kf2 fxe4 40.g3 Rxd5 41.Ke2 Rd3 42.Nd2 Rd4 43.h4 b5 44.Be3 Ra4
45.g4 b4 46.g5 Kg7 47.h5 Ra2 48.Bd4+ Kh7 49.Bc5 Rb8 50.Ke3 b3 51.Nxe4 Re8
52.g6+ Kh6 53.Kf3 Rxe4 54.Bf8+ Kxh5  0-1

[Event "32nd ch-IND w"]
[Site "Visakhapatnam IND"]
[Date "2006.04.10"]
[Round "9"]
[White "Gokhale,A"]
[Black "Soumya,S"]
[Result "0-1"]
[WhiteElo "2198"]
[BlackElo "2156"]

1.d4 Nf6 2.c4 g6 3.Nc3 Bg7 4.e4 d6 5.Nf3 O-O 6.Be2 e5 7.O-O Nc6 8.d5 Ne7
9.b4 Ne8 10.c5 f5 11.Ba3 Kh8 12.b5 dxc5 13.Bxc5 Nd6 14.Ng5 h6 15.Ne6 Bxe6
16.dxe6 fxe4 17.Nd5 Nxd5 18.Qxd5 Qf6 19.Bxd6 cxd6 20.Bc4 Qe7 21.Rad1 Rac8
22.Bb3 Rcd8 23.Qxe4 Rf5 24.Rd3 Rdf8 25.Rg3 Qc7 26.Qe3 e4 27.Rxg6 d5 28.Rc1 Qe5
29.Qg3 Qb2 30.Rd1 Rxf2 31.Rxg7 Rf1+ 32.Rxf1 Qd4+ 33.Qf2 Rxf2 34.e7 Rf7+  0-1

[Event "LII Nacional Abierto"]
[Site "Mexico City MEX"]
[Date "2006.04.11"]
[Round "1"]
[White "Castillo Delgado,M"]
[Black "Hernandez,Ya"]
[Result "0-1"]
[WhiteElo "1967"]
[BlackElo "2225"]

1.d4 Nf6 2.c4 g6 3.Nc3 Bg7 4.e4 d6 5.Be2 O-O 6.Nf3 Nc6 7.O-O e5 8.d5 Ne7
9.b4 a5 10.bxa5 Rxa5 11.Nd2 Ra8 12.Nb3 Nd7 13.Be3 f5 14.f3 Kh8 15.c5 Ng8
16.Qc2 Ndf6 17.cxd6 cxd6 18.Nd2 Bh6 19.Bxh6 Nxh6 20.Nb5 Rf7 21.Nc4 Ne8 22.Qd2 Kg7
23.Qb4 Rf6 24.a4 Bd7 25.a5 fxe4 26.fxe4 Bxb5 27.Qxb5 Qe7 28.Nb6 Rd8 29.Rfc1 Nc7
30.Qb4 Rdf8 31.Qc3 R6f7 32.Rf1 Qh4 33.Bf3 Nb5 34.Qb4 Nd4 35.Qxd6 Nxf3+ 36.gxf3 Ng4
37.Ra2 Rxf3 38.Rxf3 Rxf3 39.Qc7+ Kh6 40.Qc1+ Ne3 41.Re2 Qg4+  0-1

[Event "Open NOR-ch"]
[Site "Oslo NOR"]
[Date "2006.04.11"]
[Round "4"]
[White "Aandal,K"]
[Black "Svanholm,B"]
[Result "1/2-1/2"]
[WhiteElo "1978"]
[BlackElo "2024"]

1.d4 Nf6 2.c4 g6 3.Nc3 Bg7 4.e4 d6 5.Nf3 O-O 6.Be2 e5 7.O-O Nc6 8.d5 Ne7
9.b4 Nd7 10.Ba3 f5 11.Ng5 Nf6 12.Bf3 Kh8 13.Ne6 Bxe6 14.dxe6 Qc8 15.Nd5 Re8
16.c5 dxc5 17.Rc1 Nxe4 18.Bxe4 fxe4 19.Rxc5 c6 20.Nxe7 Rxe7 21.b5 Rxe6 22.bxc6 bxc6
23.Bb2 Rb8 24.Ba1 Rb5 25.Rc4 Qc7 26.Qg4 Re7 27.Qxe4 Rd5 28.g3 Red7 29.Kg2 Qd6
30.Rfc1 c5 31.Bb2 Bf8 32.Re1 Bg7 33.Rec1 Rc7 34.Ba3 Bf8 35.Bb2 Kg8 36.h4 Bg7
37.h5 Rd2 38.Ba3 Bf8 39.Rxc5 Rxc5 40.Bxc5 Qf6 41.Be3 Rxa2 42.Rc8 Qe6 43.Ra8 Kf7
44.Qb7+ Be7 45.Qb8 Qc6+  1/2-1/2

[Event "17th Pobeskydi Radegast Cup"]
[Site "Frydek Mistek CZE"]
[Date "2006.04.13"]
[Round "2"]
[White "Belunek,V"]
[Black "Zochowski,P"]
[Result "1-0"]
[WhiteElo "2262"]
[BlackElo "2059"]

1.d4 Nf6 2.c4 g6 3.Nc3 Bg7 4.e4 d6 5.Be2 O-O 6.Nf3 e5 7.O-O Nc6 8.d5 Ne7
9.Ne1 Nd7 10.Bd2 f5 11.Rc1 Nf6 12.f3 c5 13.a3 a5 14.Nd3 Bd7 15.b3 Rb8 16.Nf2 h6
17.Rb1 fxe4 18.fxe4 g5 19.b4 b6 20.bxa5 bxa5 21.Nb5 Be8 22.Qe1 Ra8 23.Bd1 Nc8
24.Ng4 h5 25.Nxf6+ Rxf6 26.Nc3 Bg6 27.Ba4 Ra7 28.Rxf6 Bxf6 29.Bc6 g4 30.Nb5 Rf7
31.Bxa5 Qf8 32.Nc7 Kh7 33.Ne6 Qg8 34.Rb8 Re7 35.Bc7 Rxe6 36.dxe6 Qxe6 37.Bd5 Qd7
38.Ba5 Ne7 39.Rb7 Qe8 40.Bd2 Bf7 41.Qf2 Bxd5 42.cxd5 Kg6 43.Qe3 Ng8 44.Qb3  1-0

[Event "Foxwoods Open"]
[Site "Ledyards USA"]
[Date "2006.04.13"]
[Round "2"]
[White "Yermolinsky,A"]
[Black "Mac Intyre,P"]
[Result "1-0"]
[WhiteElo "2528"]
[BlackElo "2298"]

1.Nf3 Nf6 2.c4 g6 3.Nc3 Bg7 4.d4 O-O 5.e4 d6 6.Be2 e5 7.O-O Nc6 8.d5 Ne7
9.Ne1 Nd7 10.Be3 f5 11.f3 f4 12.Bf2 g5 13.Rc1 Rf6 14.Nd3 Rh6 15.Be1 Rg6 16.Nf2 h5
17.h3 Kh8 18.b4 Ng8 19.c5 dxc5 20.bxc5 Nxc5 21.Nb5 b6 22.Nd3 a6 23.Na3 g4
24.fxg4 hxg4 25.Nxc5 f3 26.Nd3 fxe2 27.Qxe2 gxh3 28.g3 Bg4 29.Qb2 Qg5 30.Kh2 Qh5
31.Rxc7 Be2 32.Rf5 Qg4 33.Nxe5 Nh6 34.Rxg7  1-0

[Event "7th ch-Euro w"]
[Site "Kusadasi TUR"]
[Date "2006.04.14"]
[Round "10"]
[White "Tsiganova,M"]
[Black "Cherednichenko,E"]
[Result "1-0"]
[WhiteElo "2282"]
[BlackElo "2000"]

1.d4 Nf6 2.c4 g6 3.Nc3 Bg7 4.e4 d6 5.Be2 O-O 6.Nf3 e5 7.O-O Nc6 8.d5 Ne7
9.b4 Nd7 10.Rb1 h6 11.Qc2 f5 12.Nd2 Nf6 13.f3 f4 14.c5 g5 15.Nc4 h5 16.h3 Ne8
17.Bd2 Rf6 18.Rfc1 Rg6 19.Nd1 g4 20.hxg4 hxg4 21.fxg4 Bxg4 22.Bxg4 Rxg4 23.Rb3 Ng6
24.Nf2 Rg5 25.Nh3 Rh5 26.Qd1 Nf6 27.Be1 Qd7 28.cxd6 cxd6 29.Nd2 Rc8 30.Rbc3 Rxc3
31.Rxc3 Ng4 32.Nf2 Nf6 33.Qe2 b5 34.Rc6 Ne7 35.Qxb5 Nxc6 36.dxc6 Qc7 37.Qb7 Ne8
38.Nc4 Bf8 39.b5 Rh7 40.Qxc7 Nxc7 41.a4 Kf7 42.Nd3 Ke6 43.Bf2 d5 44.exd5+ Nxd5
45.Ncxe5 Rc7 46.Nd7 Bd6 47.N3c5+ Bxc5 48.Nxc5+ Ke5 49.Na6 Rg7 50.a5 f3 51.g3 Kd6
52.Bc5+ Ke6 53.Kf2 Nc3 54.Bd4 Ne4+ 55.Kxf3 Ng5+ 56.Ke3 Rf7 57.Bxa7 Rf3+ 58.Kd4 Rxg3
59.Nc5+ Ke7 60.Kd5 Nf3 61.Ke4 Nd2+ 62.Kd5 Rg8 63.b6 Rg7 64.c7 Rg6 65.b7 Nf3
66.c8=Q  1-0

[Event "Foxwoods Open"]
[Site "Ledyards USA"]
[Date "2006.04.14"]
[Round "5"]
[White "Zenyuk,I"]
[Black "Moncayo Romero,E"]
[Result "1-0"]
[WhiteElo "2215"]
[BlackElo "2261"]

1.d4 Nf6 2.Nf3 g6 3.c4 Bg7 4.Nc3 O-O 5.e4 d6 6.Be2 e5 7.O-O Nc6 8.d5 Ne7
9.b4 Ne8 10.Bb2 f5 11.Ng5 h6 12.Ne6 Bxe6 13.dxe6 c6 14.Qb3 Qc8 15.c5 fxe4
16.cxd6 Nxd6 17.Rad1 Qc7 18.Nxe4 Nxe4 19.Rd7 Qb6 20.Bf3 Rae8 21.Bxe4 Rf4
22.Qd3 Ref8 23.Bd4 Qxb4 24.Rb1 Qa4 25.Rxe7 exd4 26.Rbxb7 Bf6 27.Bxc6 Re4
28.Bxa4 Re1+ 29.Qf1 Rxf1+ 30.Kxf1  1-0

[Event "LII Nacional Abierto"]
[Site "Mexico City MEX"]
[Date "2006.04.14"]
[Round "6"]
[White "Gonzalez Zamora,J"]
[Black "Dominguez Aguilar,G"]
[Result "0-1"]
[WhiteElo "2521"]
[BlackElo "2347"]

1.d4 Nf6 2.c4 g6 3.Nc3 Bg7 4.e4 d6 5.Be2 O-O 6.Nf3 e5 7.O-O Nc6 8.d5 Ne7
9.a4 a5 10.Ra3 Nd7 11.Nh4 Nc5 12.g3 f5 13.exf5 Nxf5 14.Nxf5 Bxf5 15.Be3 b6
16.Bg4 Qe7 17.Nb5 Na6 18.Bxf5 Rxf5 19.Qg4 Raf8 20.Nc3 Nb4 21.Qe4 Qd7 22.f3 R5f7
23.g4 Qd8 24.Kg2 Qh4 25.Bd2 Bh6 26.Be1 Qd8 27.Qe2 Bf4 28.Ne4 Na6 29.Kh1 Kh8
30.Rg1 Qd7 31.Qd1 Kg7 32.Rd3 Rh8 33.Rg2 h5 34.gxh5 Rxh5 35.Bg3 Bh6 36.b3 Qh3
37.Qg1 Kh7 38.Rc3 Rhf5 39.Rf2 Qh5 40.Qg2 Nc5 41.Nxc5 bxc5 42.Kg1 Bg5 43.Rd3 Bf4
44.Kf1 R5f6 45.Bxf4 Rxf4 46.Re3 Kg7 47.Ke1 Qf5 48.Qg3 Qb1+ 49.Ke2 Rd4  0-1

[Event "KB Bank"]
[Site "Reykjavik ISL"]
[Date "2006.04.14"]
[Round "5"]
[White "Halldorsson,Br"]
[Black "Van Delft,M"]
[Result "1/2-1/2"]
[WhiteElo "2211"]
[BlackElo "2372"]

1.d4 Nf6 2.c4 g6 3.Nc3 Bg7 4.e4 d6 5.Be2 O-O 6.Nf3 e5 7.O-O Nc6 8.d5 Ne7
9.Ne1 Nd7 10.f3 f5 11.g4 Kh8 12.Kh1 Nf6 13.Rg1 c6 14.Bd2 b5 15.g5 Nh5 16.dxc6 bxc4
17.Bxc4 Nxc6 18.Be3 fxe4 19.fxe4 Nd4 20.Bd5 Rb8 21.Ne2 Nxe2 22.Qxe2 Nf4 23.Bxf4 exf4
24.Rb1 Qa5 25.Rg2 Ba6 26.Qf3 Bb7 27.b4 Qa4 28.Nd3 Bxd5 29.exd5 Rbe8 30.Nxf4 Be5
31.Rg4 Qxa2 32.Rf1 Rxf4 33.Rxf4 Bxf4 34.Qxf4 Qxd5+ 35.Kg1 Qe5 36.Qf6+ Qxf6
37.Rxf6 Rd8 38.Rf7 Rb8 39.Rxa7 Rxb4 40.Rd7 Rg4+ 41.Kf2 Rxg5 42.Rxd6 Kg7 43.Rd4 Kh6
44.h4 Rf5+ 45.Kg3 Kh5 46.Rc4 Rd5 47.Rc3 Re5 48.Rb3 Kh6 49.Rb7 Re8 50.Kg4 Re4+
51.Kg3 Re8 52.Kg4 Rg8 53.Rc7 Rg7 54.Rc4 Rf7 55.Rc6 Ra7 56.Rc4 Kg7 57.h5 Kh6
58.hxg6 hxg6 59.Rb4 Ra1 60.Rb5 Rg1+ 61.Kh4 g5+ 62.Kh3 Kh5 63.Rc5 Rf1 64.Kg3 Re1  1/2-1/2

[Event "44th Doeberl Cup"]
[Site "Canberra AUS"]
[Date "2006.04.15"]
[Round "3"]
[White "Oliver,G"]
[Black "Goldenberg,I"]
[Result "0-1"]
[WhiteElo "2120"]
[BlackElo "2328"]

1.d4 Nf6 2.c4 g6 3.Nc3 Bg7 4.e4 O-O 5.Be2 d6 6.Nf3 e5 7.O-O Nc6 8.d5 Ne7
9.b4 Nh5 10.Re1 f5 11.Ng5 Nf4 12.Bf1 a5 13.bxa5 h6 14.Nf3 c5 15.Nd2 g5 16.g3 Nfg6
17.exf5 Nxf5 18.Nde4 Nd4 19.Bg2 Bf5 20.h3 Rxa5 21.a4 Ra6 22.Bd2 Rf7 23.Rf1 Ne7
24.Nb5 Qd7 25.Kh2 Nc8 26.Nxd4 exd4 27.a5 Ne7 28.Qb3 Qc7 29.Rae1 Ng6 30.Bh1 Qc8
31.Bg2 Re7 32.f4 Qe8 33.Nf2 gxf4 34.gxf4 Qd7 35.Rxe7 Nxe7 36.Be4 Bxe4 37.Nxe4 Nf5
38.Rg1 Kh8 39.Ng3 Nxg3 40.Qxg3 Ra8 41.Kh1 Rf8 42.Re1 Qf5 43.Rg1 Rf7 44.Rc1 Kh7
45.Qg2 Rf6 46.Rg1 Rg6 47.Qxg6+ Qxg6 48.Rxg6 Kxg6 49.Kg2 Kf5 50.Kf3 Bf6 51.Bc1 Bd8
52.Bd2 Bh4 53.a6 bxa6 54.Ba5 Be7 55.Bc7 h5 56.Ba5 Bf8 57.Bc7 d3 58.Ke3 d2
59.Kxd2 Kxf4 60.Bd8 Ke4 61.Kc3 Kf3 62.Bf6 Kg3 63.h4 Kf3 64.Kd3 a5 65.Bd8 a4
66.Bf6 Bh6 67.Be7 Bf4 68.Bf6 Bg3 69.Kc3 Ke4 70.Kc2 Be5  0-1

[Event "1st IM"]
[Site "Edmonton CAN"]
[Date "2006.04.16"]
[Round "6"]
[White "Zilberstein,Dm"]
[Black "Reeve,J"]
[Result "1/2-1/2"]
[WhiteElo "2381"]
[BlackElo "2253"]

1.d4 Nf6 2.Nf3 g6 3.c4 Bg7 4.Nc3 O-O 5.e4 d6 6.Be2 e5 7.O-O Nc6 8.d5 Ne7
9.b4 Nh5 10.Re1 f5 11.Ng5 Nf6 12.Bf3 h6 13.Ne6 Bxe6 14.dxe6 c6 15.Bb2 Ne8
16.b5 Qc8 17.bxc6 bxc6 18.Qa4 Qxe6 19.exf5 gxf5 20.Bxc6 Nxc6 21.Qxc6 Rc8
22.Qd5 Rf6 23.Qxe6+ Rxe6 24.Nd5 Rxc4 25.Ne3 Rf4 26.Rec1 Kf7 27.Rc8 Kg6 28.a4 Rb4
29.Bc3 Rb7 30.Ba5 Nf6 31.Rc6 Bf8 32.g3 f4 33.gxf4 exf4 34.Ng2 Kf5 35.Nh4+ Kg4
36.Ng6 Bg7 37.Kh1 Ne4 38.Rg1+ Kf5 39.Nh4+ Ke5 40.Ng6+ Kf5 41.Nh4+ Ke5 42.Ng6+ Kf5  1/2-1/2

[Event "KB Bank"]
[Site "Reykjavik ISL"]
[Date "2006.04.16"]
[Round "7"]
[White "Salama,O"]
[Black "Van Delft,M"]
[Result "0-1"]
[WhiteElo "2214"]
[BlackElo "2372"]

1.d4 Nf6 2.c4 g6 3.Nc3 Bg7 4.e4 d6 5.Be2 O-O 6.Nf3 e5 7.O-O Nc6 8.d5 Ne7
9.Ne1 Nd7 10.Nd3 f5 11.f4 exf4 12.Nxf4 Nc5 13.Bf3 Bxc3 14.bxc3 fxe4 15.Bg4 Bxg4
16.Qxg4 Qd7 17.Qxd7 Nxd7 18.Ba3 Nb6 19.c5 Nc4 20.cxd6 cxd6 21.Bc1 g5 22.Ne6 Rxf1+
23.Kxf1 Nxd5 24.Bxg5 Kf7 25.Nf4 Rg8 26.Nxd5 Rxg5 27.Nf4 Rf5 28.g3 Rb5 29.Re1 Rb2
30.Re2 Rxe2 31.Kxe2 Kf6 32.Ng2 Ke5 33.g4 b5 34.h3 a5 35.Ne1 Kf4 36.Kf2 e3+
37.Ke2 Kg3 38.Nf3 Kxh3 39.Ng5+ Kxg4 40.Nxh7 Kf5 41.Nf8 b4 42.cxb4 axb4 43.Nd7 Ke4
44.Nb8 Ne5 45.Na6 Nd3  0-1

[Event "43rd ch-IND"]
[Site "Visakhapatnam IND"]
[Date "2006.04.16"]
[Round "20"]
[White "Das,Ar"]
[Black "Sriram,J"]
[Result "1/2-1/2"]
[WhiteElo "2402"]
[BlackElo "2444"]

1.d4 Nf6 2.c4 g6 3.Nc3 Bg7 4.e4 d6 5.Nf3 O-O 6.Be2 e5 7.O-O Nc6 8.d5 Ne7
9.b4 Nh5 10.Re1 f5 11.Ng5 Nf4 12.Bf1  1/2-1/2

[Event "XXIV Open"]
[Site "Metz FRA"]
[Date "2006.04.23"]
[Round "2"]
[White "Savchenko,S"]
[Black "Deis,A"]
[Result "1-0"]
[WhiteElo "2495"]
[BlackElo "2024"]

1.d4 Nf6 2.Nf3 g6 3.c4 Bg7 4.Nc3 d6 5.e4 O-O 6.Be2 e5 7.O-O Nc6 8.d5 Ne7
9.b4 Nh5 10.Re1 f5 11.Ng5 Nf6 12.Bf3 c6 13.b5 h6 14.Ne6 Bxe6 15.dxe6 fxe4
16.Nxe4 Nxe4 17.Bxe4 d5 18.cxd5 cxd5 19.Ba3 dxe4 20.Qxd8 Rfxd8 21.Bxe7 Re8
22.Bc5 Rxe6 23.Be3 a6 24.b6 Rc8 25.Rac1 Rec6 26.Rcd1 Rf6 27.Rd7 Rf7 28.Red1 Re8
29.Rc7 Bf8 30.Kf1 Kg7 31.Bxh6+ Kf6 32.Bg5+ Ke6 33.Rxf7 Kxf7 34.Rd7+ Ke6 35.Rxb7 Bc5
36.Ke2 Kd5 37.Be3 Bxe3 38.Kxe3 Kc6 39.Rg7 Kxb6 40.Rxg6+ Kb5 41.h4 a5 42.h5 a4
43.h6 Rh8 44.g4 Kb4 45.g5 a3 46.Rb6+ Kc5 47.Rb7 Kd5 48.h7  1-0

[Event "XXIV Open"]
[Site "Metz FRA"]
[Date "2006.04.25"]
[Round "4"]
[White "Becker,Mart"]
[Black "Deis,A"]
[Result "1-0"]
[WhiteElo "2347"]
[BlackElo "2024"]

1.d4 Nf6 2.c4 g6 3.Nc3 Bg7 4.e4 d6 5.Nf3 O-O 6.Be2 e5 7.O-O Nc6 8.d5 Ne7
9.Ne1 Nd7 10.Be3 f5 11.f3 f4 12.Bf2 g5 13.Rc1 Ng6 14.c5 Nxc5 15.b4 Na6 16.Nd3 b6
17.Nb5 Rf7 18.Rc3 Bd7 19.a4 h5 20.h3 Bh6 21.Be1 Bf8 22.Nf2 Bc8 23.Qb3 Rh7
24.Bd2 g4 25.fxg4 hxg4 26.Bxg4 Bxg4 27.Nxg4 Be7 28.Rfc1 Bh4 29.Rc4 Kh8 30.Qc3 Rc8
31.Nxa7 Ra8 32.Nb5 Rc8 33.Be1 Bxe1 34.Rxe1 Nh4 35.Rc1 Rf7 36.Rc6 Kh7 37.Nxd6 cxd6
38.Rxc8 Qg5 39.Ra8 Nxb4 40.Qc8 Qg7 41.Qd8 Ng6 42.Qg5 Rf8 43.Qh5+ Kg8 44.Nh6+ Kh8
45.Rcc8 f3 46.Nf5+  1-0

[Event "XIII TCh-RUS 1st League"]
[Site "Sochi RUS"]
[Date "2006.04.25"]
[Round "6"]
[White "Chuprikov,D"]
[Black "Obolenskikh,D"]
[Result "0-1"]
[WhiteElo "2377"]
[BlackElo "2458"]

1.d4 Nf6 2.c4 g6 3.Nc3 Bg7 4.e4 O-O 5.Nf3 d6 6.Be2 e5 7.O-O Nc6 8.d5 Ne7
9.b4 a5 10.Ba3 axb4 11.Bxb4 b6 12.a4 Ne8 13.Nb5 f5 14.Nd2 Bh6 15.Bf3 Nf6
16.a5 bxa5 17.Rxa5 Ba6 18.exf5 Bxd2 19.Qxd2 Bxb5 20.cxb5 Nxf5 21.Be2 Nd4
22.Bc4 Qd7 23.Qd3 Rxa5 24.Bxa5 Nh5 25.f3 Nf4 26.Qe3 Ra8 27.Bd2 Ra4 28.Rc1 Qf5
29.Bf1 Qg5 30.Kh1 Qe7 31.Bc4 Nf5 32.Qb3 Ra8 33.g3 Nh5 34.Qd3 Nf6 35.Kg2 Nd7
36.Bb4 Nb6 37.Bb3 Nd4 38.Re1 Qf7 39.Rd1 Rf8 40.Ba5 Qxf3+ 41.Qxf3 Rxf3 42.Bxb6 cxb6
43.Bc4 Rc3 44.Bd3 Rb3  0-1

[Event "2nd Halkidiki Open"]
[Site "Kalithea GRE"]
[Date "2006.04.26"]
[Round "2"]
[White "Andronis,V"]
[Black "Sofronie,I"]
[Result "1/2-1/2"]
[WhiteElo "2069"]
[BlackElo "2419"]

1.Nf3 Nf6 2.d4 g6 3.c4 Bg7 4.Nc3 d6 5.e4 O-O 6.Be2 e5 7.O-O Nc6 8.d5 Ne7
9.Ne1 Ne8 10.f3 f5 11.g4 Kh8 12.Ng2 Ng8 13.h4 Nh6 14.Bg5 Qd7 15.Qd2 Nf7 16.Be3 Nf6
17.g5 Nh5 18.exf5 Qxf5 19.Ne4 Nf4 20.Nxf4 exf4 21.Bd4 Ne5 22.Rf2 b6 23.Rd1 Bd7
24.Bxe5 Bxe5 25.Rh2 Qf7 26.b3 Rae8 27.Kh1 Bf5 28.Bd3 Bg7 29.Re2 Qd7 30.Rde1 Re5
31.Nf2 Rfe8 32.Rxe5 Rxe5 33.Rxe5 dxe5 34.Qc2 Bf8 35.Kg2 Bc5 36.Ne4 Bxe4 37.Bxe4 Qd6
38.Qd3 Bd4 39.c5 Qxc5 40.Qa6 Kg7 41.Qc8 Qc1 42.Qd7+ Kg8 43.Qe8+ Kg7  1/2-1/2

[Event "8th Dubai Open"]
[Site "Dubai UAE"]
[Date "2006.04.27"]
[Round "5"]
[White "Ghane,S"]
[Black "Krivoshey,S"]
[Result "0-1"]
[WhiteElo "2352"]
[BlackElo "2531"]

1.d4 Nf6 2.Nf3 g6 3.c4 Bg7 4.Nc3 O-O 5.e4 d6 6.Be2 e5 7.O-O Nc6 8.d5 Ne7
9.Ne1 Nd7 10.Be3 f5 11.f3 f4 12.Bf2 g5 13.a4 a5 14.Nd3 b6 15.b4 axb4 16.Nb5 Nf6
17.Be1 g4 18.Bxb4 g3 19.h3 Bxh3 20.gxh3 Qd7 21.Kg2 Ng6 22.Rh1 Nh4+ 23.Kg1 Nxe4
24.fxe4 f3 25.Bxf3 Rxf3 26.Ne1 Qf7 27.Nxf3 Nxf3+  0-1

[Event "2nd Halkidiki Open"]
[Site "Kalithea GRE"]
[Date "2006.04.27"]
[Round "4"]
[White "Solomons,D"]
[Black "Grivas,E"]
[Result "0-1"]
[WhiteElo "2226"]
[BlackElo "2500"]

1.d4 Nf6 2.c4 g6 3.Nc3 Bg7 4.e4 d6 5.Nf3 O-O 6.Be2 e5 7.O-O Nc6 8.dxe5 Nxe5
9.Nxe5 dxe5 10.Bg5 c6 11.Qc2 Qe7 12.Rfd1 h6 13.Be3 Ng4 14.Bxg4 Bxg4 15.f3 Be6
16.c5 Rfd8 17.Rxd8+ Rxd8 18.Rd1 f5 19.Rxd8+ Qxd8 20.Qd2 Qxd2 21.Bxd2 Bf8
22.b4 f4 23.a3 Kf7 24.Kf2 Bc4 25.Na4 Ke6 26.Bc3 g5 27.Nb2 Ba6 28.Nd1 h5 29.Ke1 Be7
30.Nf2 Bb5 31.Nd1 Bd8 32.Kf2 b6 33.Ke1 bxc5 34.bxc5 Be7 35.Bb4 g4 36.Nc3 Bh4+
37.Kd2 Bf1 38.fxg4 hxg4 39.g3 fxg3 40.hxg3 Bxg3 41.Ke3 Bf4+ 42.Kf2 Bd3 43.Ba5 Bc1
44.a4 Bf4 45.Kg2 Kf6 46.Bd8+ Kg6 47.Bc7 Kh5 48.Bd6 g3 49.Kf3 Kh4 50.Kg2 Kg4
51.Bb8 a6 52.a5 Kg5 53.Bc7 Kf6 54.Kf3 Bf1 55.Ne2 g2 56.Bd8+ Kf7 57.Ng1 Bd2
58.Kf2 Bb4 59.Bb6 Ke6 60.Nf3 Bd3 61.Ng5+ Ke7 62.Kxg2 Bd2 63.Nf3 Bxe4 64.Kf2 Bf4
65.Ke2 Ke6 66.Nd2 Kd5 67.Ba7 Bg6 68.Bb6 e4 69.Nf1 Kd4 70.Nd2 Bh5+ 71.Ke1 e3
72.Nb3+ Kc3 73.Nc1 Bg3+ 74.Kf1 Kd2 75.Nb3+ Kd1 76.Nd4 Be5  0-1

[Event "XIII TCh-RUS"]
[Site "Sochi RUS"]
[Date "2006.04.28"]
[Round "9"]
[White "Savchenko,B"]
[Black "Kornev,Alexei"]
[Result "1/2-1/2"]
[WhiteElo "2568"]
[BlackElo "2575"]

1.Nf3 Nf6 2.c4 g6 3.Nc3 Bg7 4.e4 d6 5.Be2 O-O 6.O-O e5 7.d4 Nc6 8.Be3 Re8
9.d5 Nd4 10.Nxd4 exd4 11.Bxd4 Nxe4 12.Nxe4 Rxe4 13.Bxg7 Kxg7 14.Bd3 Re8 15.Qf3 Qf6
16.Qxf6+ Kxf6 17.Rfe1 Bd7 18.f4 a5 19.Kf2 h6 20.Rac1 b6 21.Be4 Rab8 22.Re3 Re7
23.Rcc3 Rbe8 24.Bc2 Rxe3 25.Rxe3 Rb8 26.a4 Rh8 27.b3 g5 28.fxg5+ hxg5 29.Rf3+ Kg7
30.Re3 Kf8 31.h3 g4 32.hxg4 Bxg4 33.Re1 Bd7 34.Bd3 Rh4 35.Be4 f5 36.Bf3 Kf7
37.g3 Rh2+ 38.Bg2 Kf6 39.Kf3 c6 40.Kf2 cxd5 41.Kg1 Rh8 42.Bxd5 Re8 43.Rxe8 Bxe8
44.Kf2 Kg5 45.Ke3 Kg4 46.Kf2 Kg5 47.Ke3 Bh5 48.Bf3 Bg4 49.Bxg4 Kxg4 50.Kf2 f4  1/2-1/2

[Event "WSB Masters"]
[Site "Wroclaw POL"]
[Date "2006.04.29"]
[Round "4"]
[White "Cherednichenko,S"]
[Black "Jedryczka,K"]
[Result "1-0"]
[WhiteElo "2238"]
[BlackElo "2321"]

1.d4 Nf6 2.c4 g6 3.Nc3 Bg7 4.e4 d6 5.Nf3 O-O 6.Be2 e5 7.O-O Nc6 8.d5 Ne7
9.Ne1 Nd7 10.Nd3 f5 11.Bd2 c6 12.Rc1 fxe4 13.Nxe4 cxd5 14.cxd5 Nf6 15.Nxf6+ Bxf6
16.Qb3 Qb6 17.Qxb6 axb6 18.Nb4 Bf5 19.Rc7 Rab8 20.g4 Rfc8 21.Rfc1 Rxc7 22.Rxc7  1-0

[Event "4th TCh-SCG"]
[Site "Vrnjacka Banja SCG"]
[Date "2006.05.02"]
[Round "2"]
[White "Mihajlovic,V"]
[Black "Popovic,Du"]
[Result "0-1"]
[WhiteElo "2314"]
[BlackElo "2496"]

1.d4 Nf6 2.c4 g6 3.Nc3 Bg7 4.e4 d6 5.Nf3 O-O 6.Be2 e5 7.O-O Nc6 8.d5 Ne7
9.b4 Nh5 10.Re1 f5 11.Ng5 Nf6 12.f3 Nh5 13.c5 Nf4 14.Bc4 Kh8 15.Ne6 Nxe6
16.dxe6 Nc6 17.cxd6 cxd6 18.Nb5 Bxe6 19.Bxe6 Qb6+ 20.Be3 Qxb5 21.Qxd6 fxe4
22.fxe4 Nd4 23.a4 Qd3 24.Bxd4 exd4 25.Bd5 Qd2 26.Qg3 Rae8 27.Rf1 Qxb4 28.Rxf8+ Rxf8
29.Rf1 Re8 30.h4 Qc3 31.Rf3 d3 32.Rxd3 Qa1+ 33.Kf2 Rf8+ 34.Rf3 Bd4+ 35.Ke2 Qb2+
36.Ke1 Rc8  0-1

[Event "4th TCh-SCG"]
[Site "Vrnjacka Banja SCG"]
[Date "2006.05.05"]
[Round "5"]
[White "Mijailovic,Z"]
[Black "Kotronias,V"]
[Result "0-1"]
[WhiteElo "2384"]
[BlackElo "2598"]

1.d4 Nf6 2.Nf3 g6 3.c4 Bg7 4.Nc3 O-O 5.e4 d6 6.Be2 e5 7.O-O Nc6 8.Be3 Re8
9.dxe5 dxe5 10.Qxd8 Nxd8 11.Nd5 Ne6 12.Ng5 Nf4 13.Bxf4 Nxd5 14.Bd2 Nf6 15.f3 Nh5
16.Rfd1 Nf4 17.Bf1 Bf6 18.Nh3 Bxh3 19.gxh3 Ne6 20.Be3 Be7 21.Rd7 Rac8 22.Rad1 Bc5
23.Bxc5 Nxc5 24.R7d5 c6 25.Rd6 a5 26.h4 Kf8 27.Bh3 Ra8 28.Kf2 Ke7 29.Ke3 Red8
30.Rxd8 Rxd8 31.Rxd8 Kxd8 32.Kd2 b6 33.Kc3 Na6 34.b3 c5 35.a3 Nb8 36.b4 cxb4+
37.axb4 Na6 38.bxa5 bxa5 39.c5 Nxc5 40.Kc4 a4 41.Kb4 Nd3+ 42.Kxa4 Ne1 43.h5 Nxf3
44.hxg6 fxg6 45.Kb5 Ke7 46.Kc5 Nxh2  0-1

[Event "FSGM May"]
[Site "Budapest HUN"]
[Date "2006.05.08"]
[Round "3"]
[White "Gonda,L"]
[Black "Valdes,Le"]
[Result "1/2-1/2"]
[WhiteElo "2465"]
[BlackElo "2374"]

1.d4 Nf6 2.c4 g6 3.Nc3 Bg7 4.e4 d6 5.Be2 O-O 6.Nf3 e5 7.O-O Nc6 8.d5 Ne7
9.Bg5 h6 10.Bxf6 Bxf6 11.b4 Bg7 12.c5 f5 13.Bd3 fxe4 14.Bxe4 a5 15.a3 Bg4
16.Qd3 Bxf3 17.Bxf3 Nf5 18.Be4 h5 19.Nb5 Rf7 20.Rac1 Bh6 21.Rc4 axb4 22.axb4 Bf8
23.c6 Rb8 24.f4 bxc6 25.Na7 Qf6 26.Nxc6 Re8 27.fxe5 dxe5 28.Rc2  1/2-1/2

[Event "FSGM May"]
[Site "Budapest HUN"]
[Date "2006.05.11"]
[Round "6"]
[White "Berczes,D"]
[Black "Valdes,Le"]
[Result "0-1"]
[WhiteElo "2450"]
[BlackElo "2374"]

1.d4 Nf6 2.c4 g6 3.Nc3 Bg7 4.e4 d6 5.Nf3 O-O 6.Be2 e5 7.O-O Nc6 8.d5 Ne7
9.Bg5 Nh5 10.Ne1 Nf4 11.Nd3 Nxe2+ 12.Qxe2 h6 13.Bd2 f5 14.f4 exf4 15.Nxf4 g5
16.Nh5 Be5 17.exf5 Nxf5 18.g4 Ng7 19.Nxg7 Kxg7 20.Rxf8 Qxf8 21.h4 gxh4 22.Kh1 Bd7
23.Ne4 Qf7 24.Qe3 Qg6 25.Nc5 Bxg4 26.Nd3 Bg3 27.Nf4 Re8 28.Qxg3 hxg3 29.Bc3+ Qf6
30.Bxf6+ Kxf6 31.Kg2 Re3 32.Rf1 Kg7 33.Nh3 h5 34.Ng1 a5 35.b3 b6 36.Rf4 Kg6
37.Rf8 Rd3 38.Rg8+ Kf6 39.Rf8+ Ke5 40.Rh8 Kd4 41.Rh7 Kc3 42.Rxc7 h4 43.Rh7 Rd2+
44.Kf1 Rf2+ 45.Ke1 Rh2 46.Rg7 Rh1  0-1

[Event "ch-UKR sf"]
[Site "Alushta UKR"]
[Date "2006.05.14"]
[Round "2"]
[White "Truskavetsky,A"]
[Black "Guivan,V"]
[Result "1-0"]
[WhiteElo "2412"]
[BlackElo "2204"]

1.d4 Nf6 2.c4 g6 3.Nc3 Bg7 4.e4 d6 5.Nf3 O-O 6.Be2 e5 7.O-O Nc6 8.d5 Ne7
9.b4 a5 10.Ba3 axb4 11.Bxb4 b6 12.a4 Ne8 13.Qb3 Kh8 14.a5 c5 15.dxc6 Nxc6
16.axb6 Rxa1 17.Rxa1 Qxb6 18.Nb5 Nxb4 19.Qxb4 f5 20.Qa5 Qxa5 21.Rxa5 fxe4
22.Ng5 e3 23.fxe3 Bh6 24.h4 Bb7 25.Ra7 Bxg5 26.hxg5 Bc6 27.Ra6 Bb7 28.Rb6 Bc8
29.Rb8 Bd7 30.Bf3 Kg7 31.Bd5 Bg4 32.Bc6 Be2 33.Bxe8 Bxc4 34.Rb7+ Kh8 35.Nxd6 Rf1+
36.Kh2 Bd5 37.Re7 Rd1 38.Rxe5 Bg8 39.Nf7+ Kg7 40.Nh6 Rd2 41.Nxg8  1-0

[Event "ch-UKR sf"]
[Site "Alushta UKR"]
[Date "2006.05.16"]
[Round "4"]
[White "Kruglyakov,P"]
[Black "Borzov,D"]
[Result "1/2-1/2"]
[WhiteElo "2300"]
[BlackElo "2181"]

1.d4 g6 2.c4 Nf6 3.Nc3 Bg7 4.e4 d6 5.Be2 O-O 6.Nf3 e5 7.O-O Nc6 8.d5 Ne7
9.b4 a5 10.Ba3 axb4 11.Bxb4 Nd7 12.a4 Bh6 13.a5 f5 14.Bd3 Nf6 15.Nd2 Bxd2
16.Qxd2 fxe4 17.Nxe4 Nxe4 18.Bxe4 Bf5 19.Rae1 Qd7 20.f4 Bxe4 21.Rxe4 Rxf4
22.Rexf4 exf4 23.Qxf4 Nf5 24.g4 Ng7 25.Bc3 Re8 26.h3 Qe7 27.Re1 Qh4 28.Rxe8+ Nxe8
29.Kg2 Qe7 30.Qd4 Kf7 31.Qf2+ Kg8 32.Qf3 Ng7 33.Qd3 Ne8 34.Kf3 Kf7 35.Qd2 Qh4
36.Qf4+ Kg8 37.Qe4 Qxh3+ 38.Kf4 Kf8 39.Bd4 Qf1+ 40.Kg3  1/2-1/2